000 00462nam a2200169Ia 4500
003 GCL
008 140319s9999 xx 000 0 ara d
040 _aGCL /
_cGCL
082 0 4 _a214
_bم ا
100 1 _aمحمود فوزى
245 1 0 _aالاسلام كتاب مفتوح /
_cمحمود فوزى
260 _a[S.N] :
_bمكتبة التراث الاسلامى ،
_c1977
300 _a210 ص
490 _a
650 0 4 _aالاسلام
942 _2ddc
_cBK
999 _c49301
_d49301